Capital investment and valuation : Richard A. Brealey

Bibliographic Details
Main Author: Brealey, Richard A.
Corporate Author: Brattle Group
Other Authors: Mayers
Format: Book
Published: New york : Mc Graw-Hill , 2003
Subjects:

MARC

LEADER 00000cam a2200000 7i4500
001 0000012023
005 20050509.0
020 |a 0071383778 
040 |a INS 
090 0 0 |a HG4028.C4   |b B665 2003 
100 1 |a Brealey, Richard A. 
245 1 0 |a Capital investment and valuation :   |b Richard A. Brealey 
260 |a New york :   |b Mc Graw-Hill ,   |c 2003 
300 |a ix :   |b 558p ;   |c 25cm. 
500 |a Include bibliographical references and index 
650 0 0 |a Capital investments 
650 0 0 |a Corporations   |x Valuation 
700 0 |a Mayers   |x Stewart 1940 
710 1 2 |a Brattle Group 
999 |a 0000012789   |b BOOK   |c Open Shelf   |e Default branch